书目信息 |
| 题名: |
数学探究与欣赏
|
|
| 作者: | 罗碎海 著 | |
| 分册: | ||
| 出版信息: | 广州 暨南大学出版社 2017 |
|
| 页数: | 220页 | |
| 开本: | 24cm | |
| 丛书名: | ||
| 单 册: | ||
| 中图分类: | G633.603 | |
| 科图分类: | ||
| 主题词: | 中学数学课--教学参考资料 | |
| 电子资源: | ||
| ISBN: | 978-7-5668-1316-9 | |
| 000 | 00878nam0 2200241 450 | |
| 001 | 3648 | |
| 005 | 20180528110656.82 | |
| 010 | @a978-7-5668-1316-9@dCNY42.00 | |
| 100 | @a20171018d2017 em y0chiy50 ea | |
| 101 | 0 | @achi |
| 102 | @aCN@b440000 | |
| 105 | @aa z 000yy | |
| 200 | 1 | @a数学探究与欣赏@9shu xue tan jiu yu xin shang@f罗碎海著 |
| 205 | @a2版 | |
| 210 | @a广州@c暨南大学出版社@d2017 | |
| 215 | @a220页@c图表,照片@d24cm | |
| 300 | @a华南师范大学附属中学校本选修教材 华南师范大学附属中学经费资助 | |
| 330 | @a本书内容有《如何研究问题》《对整除性与循环小数的探究》《对循环小数问题再探》《有趣的黄金分割》《正整数之谜》《数学归纳法的变形及应用》《趣味数列求和赏析与类比法》等。 | |
| 606 | 0 | @a中学数学课@j教学参考资料 |
| 690 | @aG633.603@v5 | |
| 701 | 0 | @a罗碎海@9luo sui hai@f(1961-)@4著 |
| 801 | 0 | @aCN@b91MARC@c20171018 |
| 905 | @aMuseLib@dG633.603@e709=2 | |
| 数学探究与欣赏/罗碎海著.-2版.-广州:暨南大学出版社,2017 |
| 220页:图表,照片;24cm |
| 华南师范大学附属中学校本选修教材 华南师范大学附属中学经费资助 |
| ISBN 978-7-5668-1316-9:CNY42.00 |
| 本书内容有《如何研究问题》《对整除性与循环小数的探究》《对循环小数问题再探》《有趣的黄金分割》《正整数之谜》《数学归纳法的变形及应用》《趣味数列求和赏析与类比法》等。 |
| ● |
| 相关链接 |
|
|
|
|
正题名:数学探究与欣赏
索取号:G633.603/709=2
 
预约/预借
| 序号 | 登录号 | 条形码 | 馆藏地/架位号 | 状态 | 备注 |
| 1 | 1110060 | 211100609 | 第一样本阅览室/ [索取号:G633.603/709=2] | 在馆 | |
| 2 | 1110061 | 211100618 | 教育系资料室/ [索取号:G633.603/709=2] | 在馆 | |
| 3 | 1110062 | 211100627 | 教育系资料室/ [索取号:G633.603/709=2] | 在馆 | |
| 4 | 1110063 | 211100636 | 第四借阅区/ [索取号:G633.603/709=2] | 在馆 |